00618 a2200169 450000500170000000800410001701000140005802000230007203500130009503700150010808200120012310000150013524501630015026000340031327000760034730000250042320080908155739.0080908t xxu||||| |||| 00| 0 eng d aENG-87681 a8187671661c250.00 aEN-71214 bDBAD / PUB a616.462 aYu, Winnie aWhat to do when the doctor says it is diabetesbthe most important things you need to know about blood sugar, diet and exercise for type-I and type-2 diabetes aChennaibWestland Booksc2006 a571, Poonamalle High Road, Kamraj Bhawan, AminjikaraibChennaie600 029 a283 p.c21 cm. (Pbk)